Naziemny skaning laserowy w pomiarze brzegu klifowego Wolińskiego Parku Narodowego / (Rekord nr 8796)
| 000 -ETYKIETA REKORDU | |
|---|---|
| podpole kontrolne o stałej długości | 00724naa a22001457i 4500 |
| 001 - NUMER KONTROLNY REKORDU | |
| podpole kontrolne | 8796 |
| 003 - IDENTYFIKATOR NUMERU KONTROLNEGO REKORDU | |
| podpole kontrolne | KOSZ 005 |
| 005 - DATA OSTATNIEJ MODYFIKACJI REKORDU | |
| podpole kontrolne | 20180430101309.0 |
| 008 - POLE O STAŁEJ DŁUGOŚCI - DANE KONTROLNE | |
| podpole kontrolne o stałej długości | 180306s2012 pl |||f| ||||0|| 0 pol d |
| 040 ## - ŹRÓDŁO KATALOGOWANIA | |
| Instytucja, która utworzyła rekord | KOSZ 005/HR |
| Instytucja, która sporządziła opis | KOSZ 005/HR |
| 100 1# - NAZWA OSOBOWA | |
| Nazwa osobowa | SUCHOCKI, Czesław. |
| Lata pracy | 2004 - . |
| Instytucja | Politechnika Koszalińska - Wydział Budownictwa i Inżynierii Środowiska, |
| Wydział | Katedra Geodezji Gospodarczej |
| 245 10 - TYTUŁ/ODPOWIEDZIALNOŚĆ | |
| Tytuł | Naziemny skaning laserowy w pomiarze brzegu klifowego Wolińskiego Parku Narodowego / |
| Pozostałe elementy strefy tytułu i oznaczenia odpowiedzialności | Czesław Suchocki, J. Rapiński. |
| 773 0# - TYTUŁ DOKUMENTU MACIERZYSTEGO | |
| Wyrażenie wprowadzające | W : |
| Tytuł | Pozyskiwanie i przetwarzanie informacji w geodezji i kartografii. T. 1 / red. nauk. Wiesław Pawłowski. - |
| Adres wydawniczy | Łódź : Społeczna Akademia Nauk, 2012. - |
| ISBN | 9788378370116 |
| 942 ## - HASŁO DODATKOWE - ELEMENTY(KOHA) | |
| Typ dokumentu | Rozdział |
| Schemat klasyfikacji | Uniwersalna klasyfikacja dziesiętna |
Brak dostępnych egzemplarzy.
